Statistiques concernant Divergente - les factions

Cliquez ici pour prendre le quiz!

Statistiques générales

  • Ce quiz a été pris 46 fois
  • Le résultat moyen est 4 sur 5

Statistiques - réponses

Faction% Correct
Audacieux
90%
Altruiste
88%
Érudit
88%
Fraternel
83%
Sincère
75%

Distribution des résultats

Percentile par nombre de réponses

% des personnes avec chaque résultat

Votre développement - résultats

Vous n’avez pas pris ce quiz